| 000 -LEADER |
| fixed length control field |
00936nam a22002177a 4500 |
| 005 - DATE AND TIME OF LATEST TRANSACTION |
| control field |
20260130100748.0 |
| 008 - FIXED-LENGTH DATA ELEMENTS--GENERAL INFORMATION |
| fixed length control field |
260130b ||||| |||| 00| 0 eng d |
| 020 ## - INTERNATIONAL STANDARD BOOK NUMBER |
| International Standard Book Number |
9780008581404 |
| 040 ## - CATALOGING SOURCE |
| Transcribing agency |
KH8 |
| 082 ## - DEWEY DECIMAL CLASSIFICATION NUMBER |
| Classification number |
823.92 WAL |
| 100 ## - MAIN ENTRY--PERSONAL NAME |
| Personal name |
WALLIAMS,DAVID |
| Relator term |
AUTHOR |
| 245 ## - TITLE STATEMENT |
| Title |
GANGSTA GRANNY STRIKES AGAIN |
| 260 ## - PUBLICATION, DISTRIBUTION, ETC. |
| Place of publication, distribution, etc. |
MACKEN HOUSE,39/40 Mayor Street Upper,Dublin 1,D01 C9W8,Ireland |
| Name of publisher, distributor, etc. |
HarperCollinsPublishers |
| Date of publication, distribution, etc. |
2021 |
| 300 ## - PHYSICAL DESCRIPTION |
| Extent |
355 pages |
| Other physical details |
b illustration |
| Dimensions |
13cm x 20cm |
| 520 ## - SUMMARY, ETC. |
| Summary, etc. |
Ben is getting used to life without his beloved granny. She was a cabbage enthusiast, a Scrabble partner and an international jewel thief known as The Black Cat. Now, only the memory of their extraordinary adventure to steal the Crown Jewels lives on. Then something inexplicable happens.-Library Thing- |
| 650 ## - SUBJECT ADDED ENTRY--TOPICAL TERM |
| Topical term or geographic name entry element |
Juvenile Fiction |
| Form subdivision |
Family |
| 655 ## - INDEX TERM--GENRE/FORM |
| Genre/form data or focus term |
Humour |
| 655 ## - INDEX TERM--GENRE/FORM |
| Genre/form data or focus term |
Adventure |
| 700 ## - ADDED ENTRY--PERSONAL NAME |
| Personal name |
Ross,Tony |
| Relator term |
Illustrator |
| 942 ## - ADDED ENTRY ELEMENTS (KOHA) |
| Source of classification or shelving scheme |
|
| Koha item type |
Books - Fiction |